|
|
|
|
| LEADER |
00000nam0a2200000 4500 |
| 001 |
194052 |
| 005 |
20231031182152.0 |
| 035 |
|
|
|a (RuTPU)RU\TPU\book\211607
|
| 090 |
|
|
|a 194052
|
| 100 |
|
|
|a 20110402d1909 m y0rusy50 ca
|
| 101 |
0 |
|
|a ger
|
| 102 |
|
|
|a DE
|
| 105 |
|
|
|a a z 001zy
|
| 200 |
1 |
|
|a Die Atmosphärische Elektrizität. Methoden und Ergebnisse der Modernen Luftelektrischen Forschung
|f H. Mache, E. V. Schweidler
|d Атмосферное электричество
|
| 210 |
|
|
|a Braunschweig
|c Druck und Verlag von Fridrich Vieweg und Sohn
|d 1909
|
| 215 |
|
|
|a 247 s.
|c mit 20 eingedruckten abbildungen
|
| 300 |
|
|
|a Заказ Цейнберга
|
| 320 |
|
|
|a Literaturnachweis: s. 237-247.
|
| 510 |
1 |
|
|a Атмосферное электричество
|z eng
|
| 541 |
1 |
|
|a Атмосферное электричество. Методы и результаты современных исследований электрического воздуха
|z rus
|
| 610 |
1 |
|
|a атмосферное электричество
|
| 610 |
1 |
|
|a электрические поля
|
| 610 |
1 |
|
|a линии электропередачи
|
| 610 |
1 |
|
|a электрический ток
|
| 610 |
1 |
|
|a светящийся разряд
|
| 675 |
|
|
|a 551.594
|v 3
|
| 700 |
|
1 |
|a Mache
|b H.
|
| 701 |
|
1 |
|a Schweidler
|b E. V.
|
| 801 |
|
1 |
|a RU
|b 63413507
|c 20110402
|
| 801 |
|
2 |
|a RU
|b 63413507
|c 20110505
|g RCR
|
| 942 |
|
|
|c BK
|